Cinéma - Acteurs et Actrices Français - Statistiques

Statistiques générales
  • Ce quiz a été pris 110 fois
  • Le résultat moyen est 8 sur 16
Statistiques - réponses
Par images Réponse % Correct
Pierre Richard
80%
Isabelle Nanty
77%
Michel Galabru
64%
Benoît Magimel
63%
Jean Gabin
61%
Claude Brasseur
57%
Nathalie Baye
57%
Miou-Miou
55%
Louis Garrel
52%
André Dussolier
45%
Léa Drucker
35%
Joséphine Japy
31%
Swann Arlaud
31%
Sabine Azéma
28%
Reda Kateb
22%
Jacques Gamblin
20%
Aucun quiz correspondant
Distribution des résultats
% des personnes avec chaque résultat
Percentile par nombre de réponses
Votre historique - résultats
Vous n’avez pas pris ce quiz